Кибернетика, вычислительная техника, информатика: избранные труды: в 3 т.

Manylion Llyfryddiaeth
Prif Awdur: Глушков В. М. Виктор Михайлович
Awdur Corfforaethol: Академия наук Украинской ССР Институт кибернетики им. В. М. Глушкова (АН УССР ИК)
Iaith:Rwseg
Cyhoeddwyd: Киев, Наукова думка, 1990-
Fformat: MixedMaterials Llyfr
KOHA link:https://koha.lib.tpu.ru/cgi-bin/koha/opac-detail.pl?biblionumber=130003

MARC

LEADER 00000nam1a2200000 4500
001 130003
005 20231101220220.0
010 |a 5120015689 
035 |a (RuTPU)RU\TPU\book\140778 
090 |a 130003 
100 |a 20080130d1990 m y0rusy50 ca 
101 0 |a rus 
102 |a RU 
200 1 |a Кибернетика, вычислительная техника, информатика  |e избранные труды: в 3 т.  |f В. М. Глушков  |g Академия наук Украинской ССР, Институт кибернетики им. В. М. Глушкова (АН УССР ИК) 
210 |a Киев  |c Наукова думка  |d 1990-  
700 1 |a Глушков  |b В. М.  |c математик, специалист в области вычислительной техники  |c академик АН УССР и АН СССР  |f 1923-1982  |g Виктор Михайлович  |2 stltpush  |3 (RuTPU)RU\TPU\pers\9092  |9 1750 
712 0 2 |a Академия наук Украинской ССР  |b Институт кибернетики им. В. М. Глушкова (АН УССР ИК)  |2 stltpush  |3 (RuTPU)RU\TPU\col\11437 
801 1 |a RU  |b 63413507  |c 20080130  |g PSBO 
801 2 |a RU  |b 63413507  |c 20170614  |g PSBO 
942 |c BK